Aproximación evolutiva a la complejidad y al orden social temprano a través del estudio de representaciones rupestres de la quebrada de Matancillas (Puna argentina) /

A partir del estudio de la elaboración rupestre de la quebrada de Matancillas (Provincia de Salta, Puna argentina), discutimos desde la perspectiva evolucionista algunos aspectos de la conducta social durante el Período Temprano en la región (1000 AC - 400 DC). En la escala local esta evidencia indi...

Full description

Bibliographic Details
Main Author: Muscio, Hernán J.
Format: Analitica de revista
Language:Spanish
Published: San Pedro de Atacama Universidad Católica del Norte 2006
Subjects:
Online Access:Acceso electrónico al documento

MARC

LEADER 00000cab a2200000 a 4500
001 031602
003 UAHC_CL
005 20180803130726.0
008 050531b xx j 000 1 spa
952 |0 0  |1 0  |4 0  |6 ESTUD___ATACAMEÑOS31_06_000000000000000  |7 0  |8 General  |9 61679  |a BC  |b BC  |c General  |d 2017-08-03  |l 0  |o ESTUD. ATACAMEÑOS-31/06  |p FICTICIO2462  |r 2019-01-08 00:00:00  |t 1  |w 2017-08-03  |y REVA 
999 |c 31602  |d 31602 
040 |a UAHC_CL  |c UAHC_CL  |d UAHC_CL 
100 1 |a Muscio, Hernán J. 
245 1 0 |a Aproximación evolutiva a la complejidad y al orden social temprano a través del estudio de representaciones rupestres de la quebrada de Matancillas (Puna argentina) /  |c Hernán J. Muscio. 
260 |b Universidad Católica del Norte  |a San Pedro de Atacama  |c 2006 
500 |a En: Estud. atacam., 2006, no.31, p.9-30. ISSN 0718-1043. 
520 |a A partir del estudio de la elaboración rupestre de la quebrada de Matancillas (Provincia de Salta, Puna argentina), discutimos desde la perspectiva evolucionista algunos aspectos de la conducta social durante el Período Temprano en la región (1000 AC - 400 DC). En la escala local esta evidencia indica una sociedad heterogénea, con una diversidad amplia de nichos sociales y un orden social androcéntrico. En la mesoescala, los geoglifos y petroglifos señalando rutas de movilidad y territorios, sugieren organizaciones sociales basadas en el intercambio entre grupos. Más particularmente, se sostiene que esta elaboración cultural sirvió para la reproducción de instituciones sociales derivadas de la competencia por el acceso y el uso del espacio productivo, donde intervino la transmisión cultural para la replicación de los diseños rupestres y de la información atinente a la conducta social 
650 4 |a COMPLEJIDAD SOCIAL 
650 4 |a ARTE RUPESTRE 
773 0 |t Estudios Atacameños.  |w 031462 
856 |u http://www.scielo.cl/scielo.php?script=sci_arttext&pid=S0718-10432006000100003&lng=es&nrm=iso&tlng=es  |y Acceso electrónico al documento 
900 |a ESTUD. ATACAMEÑOS-31/06 
942 |c REVA  |2 ddc